000 00469cam a2200169 a 4500
020 _a1851480099 :
040 _cDLC
082 0 0 _a363 TYC 1986 A017 Or.
245 0 0 _aGlobal aspects of food production /
260 _aOxford [Oxfordshire] ;
_aRiverton, N.J. :
_bTycooly International,
_cc1986.
300 _axx, 449 p. :
_bill. ;
_c26 cm.
650 0 _aAgriculture.
650 0 _aFood supply.
700 1 _aSwaminathan, M. S.
700 1 _aSinha, S. K.
942 _cEK
999 _c12018
_d12018